LEADER 01117nam0-22003611--450- 001 990008037400403321 005 20051202104420.0 010 $a88-387-2728-7 035 $a000803740 035 $aFED01000803740 035 $a(Aleph)000803740FED01 035 $a000803740 100 $a20050404d2003----km-y0itay50------ba 101 0 $aita 102 $aIT 105 $ay-------001yy 200 1 $a<>protocollo informatico per la Pubblica Amministrazione$eorganizzazione, tecnologie, applicazioni, normativa$fa cura di Domenico Piazza$gcontributi di Giancarlo Butti ... [et al.] 210 $aRimini$cMaggioli$dc2003 215 $a234 p.$d24 cm 225 1 $aProgetto ente locale$v140 300 $aSegue: Appendice 676 $a352.38$v20$zita 702 1$aPiazza,$bDomenico 702 1$aButti,$bGiancarlo 801 0$aIT$bUNINA$gRICA$2UNIMARC 901 $aBK 912 $a990008037400403321 952 $aXI INFO.G 1$b2462$fDFD 952 $aVI F 991$b6004$fDDA 959 $aDDA 959 $aDFD 996 $aProtocollo informatico per la pubblica amministrazione$9254131 997 $aUNINA LEADER 01335nam2-2200397li-450 001 990000191520203316 005 20180312154826.0 010 $a3-540-50613-6 035 $a0019152 035 $aUSA010019152 035 $a(ALEPH)000019152USA01 035 $a0019152 100 $a20001109d1990----km-y0itay0103----ba 101 0 $aeng 102 $aGW 200 1 $aConvexity methods in Hamiltonian mechanics$fIvar Ekeland 210 $aBerlin [etc.]$cSpringer-Verlag$dcopyr. 1990 215 $aX, 247 p. . ill.$d25 cm 225 2 $aa series of modernsurveys in mathematics$v19 410 0$10010019142$12001$aa series of modernsurveys in mathematics$vErgebnisse der Mathematik und ihrer Grenzgebiete 610 1 $aanalisi globale 610 1 $asistemi hamiltoniani 676 $a51474$9Analisi globale 700 1$aEkeland,$bIvan$0753449 801 $aSistema bibliotecario di Ateneo dell' Università di Salerno$gRICA 912 $a990000191520203316 951 $a510 EMIGR (19)$b0017215 CBS$c510$d00108470 959 $aBK 969 $aSCI 979 $c19960108 979 $c20001110$lUSA01$h1713 979 $aALANDI$b90$c20010607$lUSA01$h1001 979 $c20020403$lUSA01$h1627 979 $aPATRY$b90$c20040406$lUSA01$h1614 996 $aConvexity methods in Hamiltonian mechanics$91518149 997 $aUNISA